| 000 | 00857nam a22002417a 4500 | ||
|---|---|---|---|
| 005 | 20240530110530.0 | ||
| 008 | 160315s2010 ua a f 000 0 ara d | ||
| 017 |
_a2010/22731 _bمصر . دار الكتب المصرية |
||
| 020 | _a977222398 | ||
| 040 | _aEG-CaGPL | ||
| 082 | 0 | 4 |
_221 _a704.9481\ _bم ف |
| 100 | 0 | _aمحمود ابراهيم حسين . | |
| 245 | 1 | 2 |
_aالفنان فى العصور الاسلامية / _cمحمود ابراهيم حسين . |
| 250 | _aط1. | ||
| 260 |
_aالقاهرة : _bالمؤلف ، _c2010 . |
||
| 300 |
_a378 ص: _bصور لو ؛ _c24 سم . |
||
| 650 | 0 | 4 | _aالفن الاسلامى . |
| 650 | 0 | 4 | _aالاثار الاسلامية . |
| 650 | 0 | 4 | _aالعمارة الاسلامية . |
| 650 | 0 | 4 |
_aالفنانون _vتراجم |
| 942 |
_2ddc _cBK |
||
| 999 |
_c62063 _d62063 |
||